Counties and County Seats of Ohio with a Map - Statistics

General Stats
  • This quiz has been taken 530 times
  • The average score is 105 of 176
Answers on the Map
Answers color-coded by a green-red scale on the quiz's map according to % correct below.
 
Answer Stats
Type Dual Answer Answer % Correct
Seat Cuyahoga Cleveland
96%
Seat Hamilton Cincinnati
89%
Seat Lucas Toledo
89%
Seat Erie Sandusky
87%
County Fremont Sandusky
87%
Seat Franklin Columbus
86%
County Cleveland Cuyahoga
86%
Seat Summit Akron
85%
County Columbus Franklin
85%
Seat Butler Hamilton
85%
County Cincinnati Hamilton
85%
Seat Ashtabula Jefferson
85%
County Steubenville Jefferson
85%
County Marietta Washington
85%
County Sandusky Erie
82%
County West Union Adams
81%
County London Madison
81%
County Jefferson Ashtabula
80%
County Athens Athens
80%
Seat Athens Athens
80%
Seat Montgomery Dayton
80%
County Toledo Lucas
80%
Seat Trumbull Warren
80%
County Lebanon Warren
80%
Seat Mahoning Youngstown
80%
County Jackson Jackson
79%
Seat Jackson Jackson
79%
County Delaware Delaware
77%
Seat Delaware Delaware
77%
County Painesville Lake
77%
County Elyria Lorain
77%
County Woodsfield Monroe
77%
Seat Stark Canton
76%
County Defiance Defiance
76%
Seat Defiance Defiance
76%
County Port Clinton Ottawa
76%
Seat Putnam Ottawa
76%
County Troy Miami
74%
County Bowling Green Wood
74%
County Marion Marion
73%
Seat Marion Marion
73%
County Medina Medina
73%
Seat Medina Medina
73%
Seat Clark Springfield
73%
County Marysville Union
73%
County Van Wert Van Wert
73%
Seat Van Wert Van Wert
73%
County Hamilton Butler
71%
County Dayton Montgomery
71%
County Ashland Ashland
70%
Seat Ashland Ashland
70%
County Georgetown Brown
70%
County Norwalk Huron
70%
County Akron Summit
70%
County Bryan Williams
70%
County Springfield Clark
69%
County Wauseon Fulton
69%
County Chardon Geauga
69%
County Xenia Greene
69%
County Youngstown Mahoning
69%
County Celina Mercer
69%
County Chillicothe Ross
69%
County Canton Stark
69%
County Wooster Wayne
69%
County Lima Allen
68%
County Newark Licking
68%
County McArthur Vinton
68%
County Batavia Clermont
67%
County Lisbon Columbiana
67%
County Gallipolis Gallia
67%
County Paulding Paulding
67%
Seat Paulding Paulding
67%
County Circleville Pickaway
67%
County St. Clairsville Belmont
65%
County Wilmington Clinton
65%
County Greenville Darke
65%
County Kenton Hardin
65%
County Hillsboro Highland
65%
County Mount Vernon Knox
65%
County Ironton Lawrence
65%
Seat Hocking Logan
65%
County Bellefontaine Logan
65%
County Mansfield Richland
65%
County Portsmouth Scioto
65%
County Warren Trumbull
65%
County Cadiz Harrison
64%
County Napoleon Henry
64%
Seat Allen Lima
64%
County Zanesville Muskingum
64%
County Waverly Pike
64%
County Ravenna Portage
64%
County Upper Sandusky Wyandot
64%
Seat Greene Xenia
64%
Seat Muskingum Zanesville
64%
Seat Richland Mansfield
63%
County Pomeroy Meigs
63%
County McConnelsville Morgan
63%
County New Lexington Perry
63%
County Ottawa Putnam
63%
County Wapakoneta Auglaize
62%
County Lancaster Fairfield
62%
County Washington Court House Fayette
62%
County Mount Gilead Morrow
62%
County Tiffin Seneca
62%
County Carrollton Carroll
61%
County Bucyrus Crawford
61%
County Findlay Hancock
61%
County Millersburg Holmes
61%
County Logan Hocking
60%
Seat Wood Bowling Green
58%
County Urbana Champaign
58%
Seat Ross Chillicothe
58%
County Coshocton Coshocton
58%
Seat Coshocton Coshocton
58%
County Cambridge Guernsey
58%
County Caldwell Noble
58%
County Eaton Preble
58%
Seat Licking Newark
55%
County Sidney Shelby
55%
County New Philadelphia Tuscarawas
55%
Seat Lorain Elyria
54%
Seat Washington Marietta
54%
Seat Jefferson Steubenville
54%
Seat Hancock Findlay
52%
Seat Ottawa Port Clinton
52%
Seat Wayne Wooster
51%
Seat Miami Troy
50%
Seat Fayette Washington Court House
50%
Seat Scioto Portsmouth
49%
Seat Lawrence Ironton
48%
Seat Champaign Urbana
45%
Seat Gallia Gallipolis
44%
Seat Fairfield Lancaster
44%
Seat Wyandot Upper Sandusky
44%
Seat Williams Bryan
43%
Seat Pickaway Circleville
43%
Seat Tuscarawas New Philadelphia
43%
Seat Preble Eaton
39%
Seat Seneca Tiffin
39%
Seat Auglaize Wapakoneta
39%
Seat Henry Napoleon
38%
Seat Carroll Carrollton
37%
Seat Sandusky Fremont
37%
Seat Darke Greenville
37%
Seat Madison London
37%
Seat Union Marysville
37%
Seat Lake Painesville
37%
Seat Shelby Sidney
37%
Seat Crawford Bucyrus
36%
Seat Guernsey Cambridge
36%
Seat Mercer Celina
36%
Seat Highland Hillsboro
36%
Seat Warren Lebanon
36%
Seat Knox Mount Vernon
36%
Seat Clermont Batavia
35%
Seat Geauga Chardon
35%
Seat Hardin Kenton
35%
Seat Clinton Wilmington
35%
Seat Brown Georgetown
32%
Seat Huron Norwalk
32%
Seat Logan Bellefontaine
31%
Seat Portage Ravenna
31%
Seat Belmont St. Clairsville
31%
Seat Fulton Wauseon
31%
Seat Harrison Cadiz
30%
Seat Vinton McArthur
30%
Seat Pike Waverly
30%
Seat Adams West Union
30%
Seat Columbiana Lisbon
26%
Seat Meigs Pomeroy
26%
Seat Holmes Millersburg
25%
Seat Morrow Mount Gilead
25%
Seat Noble Caldwell
23%
Seat Perry New Lexington
23%
Seat Morgan McConnelsville
18%
Seat Monroe Woodsfield
18%
No matching quizzes found
Score Distribution
Percent of People with Each Score
Percentile by Number Answered
Your Score History
You have not taken this quiz